ბათუმის შოთა რუსთაველის სახელმწიფო უნივერსიტეტის ბიბლიოთეკა

შესავალი მასპინძლობის მენეჯმენტში = Introduction to management in the hospitality industry / (ბიბ.ჩანაწერი № 41552)

000 -ლიდერი
ფიქსირებული სიგრძის საკონტროლო ველი 01931nam a2200277Ia 4500
001 - საკონტროლო ნომერი
საკონტროლო ველი 8220
003 - საკონტროლო ნომრის იდენტიფიკატორი
საკონტროლო ველი GE_BSU
005 - ბოლო ოპერაციის თარიღი და დრო
საკონტროლო ველი 20220927164046.0
008 - ფიქსირებული სიგრძის მონაცემთა ელემენტები - ზოგადი ინფორმაცია
ფიქსირებული სიგრძის საკონტროლო ველი 181216s2012||||ge |||||||||||||| ||geo||
020 ## - წიგნის საერთაშორისო სტანდარტული ნომერი
International Standard Book Number 9789941053603
040 ## - კატალოგიზაციის წყარო
Transcribing agency GE_BSU
041 ## - ენის კოდი
Language code of text/sound track or separate title geo
080 ## - უნივერსალური ათობითი კლასიფიკაციის ინდექსი
Universal Decimal Classification number 338.48 ბ-54
100 ## - მთავარი ჩანაწერი - პიროვნების სახელი
Personal name კლეიტონ, ბეროვსკი
9 (RLIN) 14868
245 ## - ცნობა სათაურის შესახებ
Title შესავალი მასპინძლობის მენეჯმენტში = Introduction to management in the hospitality industry /
Statement of responsibility, etc კლეიტონ ვ. ბეროვსი, ტომ პავერსი, დენის რეინოლდსი ; [მთარგმნ.: მიხეილ თოქმაზიშვილი, ქეთევან ბიწაძე ; რედ. თამაზ ექვთიმიშვილი ; ფოტო თემო სუხიტაშვილი] ; წმ. ანდრია პირველწოდებულის სახ. ქართ. უნ-ტი.
250 ## - გამოცემის ცნობა
Edition statement მე-10 გამოცემა
264 ## - წარმოების, გამოცემის, დისტრიბუციის და სხვა ცნობები
გამოცემის, წარმოების, დისტრიბუციის... ადგილი თბილისი :
გამოცემის, წარმოების, დისტრიბუციის... სახელწოდება საქ-ს საპატრიარქოს გამ-ბა,
გამოცემის, წარმოების, დისტრიბუციის... თარიღი 2012.
300 ## - ფიზიკური აღწერა
Extent 736 გვ. :
Other physical details ცხრ., დიაგრ. ;
Dimensions 29 სმ.
653 ## - INDEX TERM--UNCONTROLLED
Uncontrolled term შესავალი მასპინძლობის მენეჯმენტში
700 ## - ADDED ENTRY--PERSONAL NAME
Personal name პავერსი, ტომ
Relator term ავტორი
9 (RLIN) 14869
700 ## - ADDED ENTRY--PERSONAL NAME
Personal name რეინოლდსი, დენის
Relator term ავტორი
9 (RLIN) 14870
700 ## - ADDED ENTRY--PERSONAL NAME
Personal name თოქმაზიშვილი, მიხეილ და სხვ.
Relator term მთარგმნელი
9 (RLIN) 14871
700 ## - ADDED ENTRY--PERSONAL NAME
Personal name ექვთიმიშვილი, თამაზ
Relator term რედაქტორი
9 (RLIN) 14872
710 ## - ADDED ENTRY--CORPORATE NAME
Corporate name or jurisdiction name as entry element წმ. ანდრია პირველწოდებულის სახ. ქართ. უნ-ტი
9 (RLIN) 2414
942 ## - ADDED ENTRY ELEMENTS (KOHA)
Koha item type წიგნი
Source of classification or shelving scheme
ეგზემპლარები
ჩამოწერის სტატუსი დაკარგული ეგზემპლარის სტატუსი კლასიფიკაციის წყარო ან თაროზე გაწყობის სქემა დაზიანების სტატუსი არ გაიცემა მუდმივი მდებარეობა (დაცვის ადგილი) ამჟამინდელი ადგილსამყოფელი თაროზე განთავსების ადგილი შეძენის თარიღი სრული შენახვის შიფრი შტრიხკოდი ბოლო ოპერაციის თარიღი ეგზემპლარის მიმდევრობითი ნომერი (კეტერი?) ფასის ძალაში შესვლის თარიღი ეგზემპლარის სახეობა
          ბათუმის შოთა რუსთაველის სახელმწიფო უნივერსიტეტის მთავარი ბიბლიოთეკა ბათუმის შოთა რუსთაველის სახელმწიფო უნივერსიტეტის მთავარი ბიბლიოთეკა წიგნსაცავი 2018-12-17 338.48 ბ-54 26610 2018-12-17 26610 2018-12-17 წიგნი